Which country do these airlines belong to? - Statistics

General Stats
  • This quiz has been taken 19 times
  • The average score is 20 of 25
Answer Stats
Airline Country % Correct
Qantas Australia
100%
Ryanair Ireland
100%
ITA Airways Italy
100%
China Airlines Taiwan
100%
KLM The Netherlands
100%
Etihad Airways UAE
100%
Easy Jet UK
100%
Lufthansa Germany
94%
All Nippon Airways Japan
94%
Aeroflot Russia
94%
Iberia Spain
94%
United Airlines USA
94%
Aegean Airlines Greece
88%
El Al Israel
88%
Air Baltic Latvia
88%
Pegasus Turkey
88%
Avianca Columbia
81%
Air Astana Kazakhstan
81%
Gulf Air Bahrain
75%
West Jet Canada
75%
TAROM Romania
56%
WizzAir Hungary
44%
Scoot Airlines Singapore
44%
Akasa Air India
38%
Air Peace Nigeria
31%
No matching quizzes found
Score Distribution
Percent of People with Each Score
Percentile by Number Answered
Your Score History
You have not taken this quiz